000 00246nmm a2200085Ia 4500
008 220120s9999||||xx |||||||||||||||||und||
100 _aMeier, Michael, L
245 0 _aintroduction to meterial science for engineers
260 _aTata mcgraw hill
_c2010
999 _c139539
_d139539